000 00717nab a22002297a 4500
001 07607
003 HDC
007 cr bn ---aaaaa
008 210128c20150826my ||||| |||| 00| 0 may d
040 _aHDC
245 0 _aKetidaktentuan ekonomi perlukan AEC dibentuk segera
336 _atext
_2rdacontent
337 _acomputer
_2rdamedia
338 _aonline resource
_2rdacarrier
650 _aEconomic policy
_91976
650 _aEconomics
_9730
710 _aUtusan Malaysia
856 _zRequest full-text at [email protected]
942 _2lcc
942 _cNEWS
942 _kNWSC 002023
999 _c4930
_d4930